Регионална библиотека "Любен Каравелов" - Русе

Историите на началника (Запис номер 332302)

MARC детайли
000 -Лидер
Контролно поле с фиксирана дължина nam a22 4500
003 - Код на организацията, давaща контролен номер
Контролно поле BLK
005 - Дата и час на последна редакция
Контролно поле 20220224124942.0
008 - Елементи от данни с фиксирана дължина
fixed length control field 190708b bu ||||| |||| 00| 0 bu d
040 ## - Източник на каталожния запис
Идентификатор на билиотеката - собственик на записа BLK
041 ## - Код за език
Код за езика на текст/звукозапис или на отделно заглавие Български
Код за езика КДБФ Български
080 ## - УДК
Текстов определител УДК Българска литература
УДК код - определител по УДК 821.163.2
УДК определител -94
УДК - код + определител 821.163.2-94
100 ## - Редна дума - Автор
Автор Джумалийски, Даниел Николов
Авторска отговорност първи автор
R(LIN) 1299
139 ## - Редно поле
Редна дума Джумалийски, Даниел Николов
Авторски знак Джо - Д 52
245 ## - Сведения за заглавието
Заглавие Историите на началника
Подзаглавни данни или съвременен вариант на "Книга за музиката"
Редно поле (дума) Даниел Джумалийски.
257 ## - Страна на издаване
Страна на създаване/издаване България
260 ## - Област на издателските данни
9 (RLIN) 219492
Място на издаване, разпространение и проч. Русе
Име на издателя, разпространителя и проч. Изд. авт.
Година на издаване б.г.
Издателство - префикс ISBN 978-619-90615- ; 978-619-188- ; 978-954-799-
300 ## - Физическа характеристика
Страници 160 с., 15 с. : цв. ил.
Размери/Мащаб 22 см
380 ## - Жанр
Жанр Худож. лит.
852 ## - Местоположение
Систематично-азбучна сигнатура К 886.7/Д 52
852 ## - Местоположение
Систематично-азбучна сигнатура К 821.163.2/Д 52 Д
999 ## - СИСТЕМНИ КОНТРОЛНИ НОМЕРА
Koha biblionumber 332302
Koha biblioitemnumber 332302
942 ## - АРТИКУЛИ
Източник на класификационната схема Universal Decimal Classification
Вид на библиотечния материал Книги
Скрит в OPAC Не
Периодичен библиозапис Да
944 ## - СЪЗДАВАНЕ И РЕДАКЦИЯ на ЗАПИСА
Създаване/Редакция Създаване
Дата на регистрацията/редакция 2019-07-08
Служител, извършил регистрацията/редакцията Геновева Генчева
999 ## - СИСТЕМНИ КОНТРОЛНИ НОМЕРА
Koha biblioitemnumber 332302
999 ## - СИСТЕМНИ КОНТРОЛНИ НОМЕРА
Koha biblioitemnumber 332302
Наличности
Код за отписване Код за изгубен артикул Източник на класификационната схема Код за повреда Код за отдаване Артикулен № Име на библиотеката - собственик Име на библиотеката, в която се намира в момента Статус (Текущо местоположение) Дата на вписване в системата Местоположение - отдел Цена в лева Инвентарен номер Систематично азбучна сигнатура Баркод Цена в евро Служебен тип на артикула
  Не е изгубен Universal Decimal Classification Не е повреден ползва се в читалня 729960 Регионална библиотека "Любен Каравелов" Русе Регионална библиотека "Любен Каравелов" Русе Краезнание 2019-07-11 Краезнание 8.00 120000833822 К 821.163.2/Д 52 Д 120000833822 4.09 Книги
Vip Innovations Ltd, Rousse, Bulgaria 2025